2010's MVPs - Statistics

General Stats
  • This quiz has been taken 16 times
  • The average score is 8 of 11
Answer Stats
Hint Answer % Correct
2010 LeBron James
100%
2012 LeBron James
100%
2013 LeBron James
100%
2018 James Harden
92%
2014 Kevin Durant
85%
2017 Russell Westbrook
85%
2019 Giannis Antetokounmpo
77%
2020 Giannis Antetokounmpo
77%
2011 Derrick Rose
46%
2015 Steph Curry
31%
2016 Steph Curry
31%
No matching quizzes found
Score Distribution
Percent of People with Each Score
Percentile by Number Answered
Your Score History
You have not taken this quiz